Информационный обмен в сетях передачи данных. Марковский подход

Detalles Bibliográficos
Autor principal: Цимбал В. А. Владимир Анатольевич
Sumario:В монографии изложены материалы по нахождению временных и вероятностно-временных характеристик информационного обмена в иерархических радиально-узловых сетях передачи данных. Ставятся и решаются задачи, как анализа, так и синтеза параметров рассматриваемых сетей, обеспечивающих требуемые характеристики своевременности доставки сообщений. Методологической основой решения указанных задач являются конечные марковские цепи. Для научных работников, преподавателей, а также студентов вузов, изучающих дисциплины, непосредственно связанные с построением ин-фотелекоммуникационных систем.
Lenguaje:ruso
Publicado: Москва, Вузовская книга, 2014
Materias:
Formato: Libro
KOHA link:https://koha.lib.tpu.ru/cgi-bin/koha/opac-detail.pl?biblionumber=292365

MARC

LEADER 00000nam0a2200000 4500
001 292365
005 20231102000504.0
010 |a 9785950205163 
035 |a (RuTPU)RU\TPU\book\316980 
090 |a 292365 
100 |a 20150422d2014 k y0rusy50 ca 
101 0 |a rus 
102 |a RU 
105 |a a z 001zy 
200 1 |a Информационный обмен в сетях передачи данных. Марковский подход  |f В. А. Цимбал 
210 |a Москва  |c Вузовская книга  |d 2014 
215 |a 144 с.  |c ил. 
320 |a Библиогр.: с. 138-141. 
330 |a В монографии изложены материалы по нахождению временных и вероятностно-временных характеристик информационного обмена в иерархических радиально-узловых сетях передачи данных. Ставятся и решаются задачи, как анализа, так и синтеза параметров рассматриваемых сетей, обеспечивающих требуемые характеристики своевременности доставки сообщений. Методологической основой решения указанных задач являются конечные марковские цепи. Для научных работников, преподавателей, а также студентов вузов, изучающих дисциплины, непосредственно связанные с построением ин-фотелекоммуникационных систем. 
606 1 |a Обмен сообщениями  |2 stltpush  |3 (RuTPU)RU\TPU\subj\74507  |9 86731 
610 1 |a данные 
610 1 |a передача 
610 1 |a иерархические сети 
610 1 |a конечные марковские цепи 
610 1 |a чувствительность 
610 1 |a анализ 
610 1 |a вероятностно-временные характеристики 
610 1 |a временные характеристики 
610 1 |a информационный обмен 
610 1 |a скорость 
610 1 |a качество 
610 1 |a оценивание 
610 1 |a монографии 
675 |a 004.773  |v 4 
700 1 |a Цимбал  |b В. А.  |g Владимир Анатольевич 
801 1 |a RU  |b 63413507  |c 20150422 
801 2 |a RU  |b 63413507  |c 20150630  |g RCR 
900 |a Автоматизированные системы управления 
942 |c BK 
959 |a 47/20150416  |d 1  |e 198,00  |f ЧЗТЛ:1